| 000 | 00583nam a2200205 i 4500 | ||
|---|---|---|---|
| 001 | bg | ||
| 100 | 1 |
_aGlinicki, Stanisław Paweł _d(1921-2008). |
|
| 245 | 0 |
_aMechanika gruntów / _cStanisław Paweł Glinicki. |
|
| 250 | _a[Wyd. 2 popr. i rozsz.]. | ||
| 260 |
_a[Białystok] : _bWydawn. Polit. Białost., _c[1983]. |
||
| 300 |
_as. 316 : _brys., tab. |
||
| 490 | 1 | _aSkrypty PB | |
| 504 | _a[Zawiera bibliogr. s. 314-316]. | ||
| 830 | _aSkrypty PB | ||
| 040 | _cBPK | ||
| 041 | _apol | ||
| 080 | _a624.13(075.8) | ||
| 942 | _cKS | ||
| 008 | s pl f |000 0 pol | ||
| 999 |
_c22053 _d22053 |
||
| 856 |
_uhttp://koha.tu.koszalin.pl/cgi-bin/koha/opac-detail.pl?biblionumber=22053 _yKatalog online BPK |
||